Central Library OPAC University of Rajshahi

The fundamentals of library classification / (Record no. 692)

MARC details
000 -LEADER
fixed length control field 00839cam a22002771 4500
001 - CONTROL NUMBER
control field 692
003 - CONTROL NUMBER IDENTIFIER
rucl marc code BD-RjUL
005 - DATE AND TIME OF LATEST TRANSACTION
control field 20211208233222.0
008 - FIXED-LENGTH DATA ELEMENTS--GENERAL INFORMATION
fixed length control field 131123s1951 xx 001 0 eng d
035 ## - SYSTEM CONTROL NUMBER
System control number (BD-RjUL)
System control number (BD-RjUL)712
040 ## - CATALOGING SOURCE
Original cataloging agency DLC
Transcribing agency OC
Modifying agency Uk
-- BD-RjUL
Language of cataloging eng
041 ## - LANGUAGE CODE
Language code of text/sound track or separate title eng
082 ## - DEWEY DECIMAL CLASSIFICATION NUMBER
Classification number 025.4
Edition number 16
Author mark and year PAF 1951
100 1# - MAIN ENTRY--PERSONAL NAME
Personal name Palmer, Bernard Ira,
Dates associated with a name 1910-
9 (RLIN) 1751
245 14 - TITLE STATEMENT
Title The fundamentals of library classification /
Statement of responsibility, etc. by Bernard I. Palmer and A. J. Wells.
260 ## - PUBLICATION, DISTRIBUTION, ETC. (IMPRINT)
Place of publication, distribution, etc. London:
Name of publisher, distributor, etc. Allen & Unwin,
Date of publication, distribution, etc. 1951
300 ## - PHYSICAL DESCRIPTION
Pagination 114 p. ;
Size 20 cm.
504 ## - BIBLIOGRAPHY, ETC. NOTE
Bibliography, etc Bibliography: p. [112]
650 #0 - SUBJECT ADDED ENTRY--TOPICAL TERM
Topical term or geographic name as entry element Classification
General subdivision Books.
9 (RLIN) 2077
700 1# - ADDED ENTRY--PERSONAL NAME
Personal name Wells, Arthur James,
Dates associated with a name 1912-
Relator term joint author.
942 ## - ADDED ENTRY ELEMENTS (KOHA)
Source of classification or shelving scheme Dewey Decimal Classification
Koha item type Books
Holdings
Lost status Source of classification or shelving scheme Damaged status Not for loan Collection code Permanent Location Current Location Shelving location Date acquired Source of acquisition Cost, normal purchase price Total Checkouts Full call number Date last seen Copy number Koha item type
  Dewey Decimal Classification   Not For Loan Non-fiction Central Library, University of Rajshahi Central Library, University of Rajshahi Reading Room 08/06/1955 Pak-American 5.00   025.4 PAF 1951 23/11/2013 C-1 Books